| 000 | 00928nam a2200241Ia 4500 | ||
|---|---|---|---|
| 003 | GCL | ||
| 008 | 140319s9999 xx 000 0 ara d | ||
| 020 | _a8555305977 | ||
| 040 |
_aGCL / _cGCL |
||
| 082 | 0 | 4 |
_aق _b930.1 _bم ت |
| 100 | 1 | _aالمجلس الاعلى للاثار | |
| 245 | 1 | 0 |
_aتقرير عن اعمال المسح الاثرى لبعض المناطق الاثرية الموجودة فى منطقة جنوب سيناء / _cالمجلس الاعلى للاثار |
| 700 | 1 | _aزاهى حواس | |
| 260 |
_aالقاهرة : _bالمجلس الاعلى للاثار ، _c2003 |
||
| 300 |
_a115ص ؛ _c24سم |
||
| 650 | 0 | 4 | _aالاثار، علم |
| 650 | 0 | 4 | _aسيناء -التاريخ |
| 650 | 0 | 4 | _aسيناء - تاريخ - العصر الاسلامى |
| 650 | 0 | 4 | _aالكتابة النبطية |
| 650 | 0 | 4 | _aالكتابة - سيناء |
| 650 | 0 | 4 | _aسيناء - الاثار |
| 942 |
_2ddc _cBK |
||
| 999 |
_c57029 _d57029 |
||